<?xml version="1.0" encoding="UTF-8"?>
<record
    xmlns:xsi="http://www.w3.org/2001/XMLSchema-instance"
    xsi:schemaLocation="http://www.loc.gov/MARC21/slim http://www.loc.gov/standards/marcxml/schema/MARC21slim.xsd"
    xmlns="http://www.loc.gov/MARC21/slim">

  <leader>03384nam a2200325 i 4500</leader>
  <controlfield tag="003">CSPC</controlfield>
  <controlfield tag="005">20250910164655.0</controlfield>
  <controlfield tag="008">250904s2024    ph a     b    00| 0 eng d</controlfield>
  <datafield tag="040" ind1=" " ind2=" ">
    <subfield code="a">CSPC</subfield>
    <subfield code="b">eng</subfield>
    <subfield code="c">CSPC</subfield>
    <subfield code="e">rda</subfield>
  </datafield>
  <datafield tag="090" ind1=" " ind2=" ">
    <subfield code="a">UTH BSOA Ol41a 2024</subfield>
  </datafield>
  <datafield tag="100" ind1="1" ind2=" ">
    <subfield code="a">1Oliva, Ma. Katrina D.O., </subfield>
    <subfield code="e">author. </subfield>
  </datafield>
  <datafield tag="245" ind1="1" ind2="0">
    <subfield code="a">Analyzing the records management practices in mountain barangays : </subfield>
    <subfield code="b">basis for extension program development / </subfield>
    <subfield code="c">Ma. Katrina D.O. Oliva, Kate Paula B. Olleres, Christine Y. Pancipane, Maria Divine Pe&#xF1;ones, and Ma. Antonette Pentolo. </subfield>
  </datafield>
  <datafield tag="260" ind1=" " ind2=" ">
    <subfield code="a">Buhi, Camarines Sur : </subfield>
    <subfield code="b">Camarines Sur Polytechnic Colleges, </subfield>
    <subfield code="c">2024. </subfield>
  </datafield>
  <datafield tag="300" ind1=" " ind2=" ">
    <subfield code="a">82 leaves and various pages. </subfield>
  </datafield>
  <datafield tag="336" ind1=" " ind2=" ">
    <subfield code="2">rdacontent</subfield>
    <subfield code="a">text</subfield>
  </datafield>
  <datafield tag="337" ind1=" " ind2=" ">
    <subfield code="2">rdamedia</subfield>
    <subfield code="a">unmediated</subfield>
  </datafield>
  <datafield tag="338" ind1=" " ind2=" ">
    <subfield code="2">rdacarrier</subfield>
    <subfield code="a">volume</subfield>
  </datafield>
  <datafield tag="502" ind1=" " ind2=" ">
    <subfield code="a">Undergraduate Thesis (BSOA)- Office Administration </subfield>
    <subfield code="c">Camarines Sur Polytechnic Colleges, 2024. </subfield>
  </datafield>
  <datafield tag="520" ind1="3" ind2=" ">
    <subfield code="a">This research delves into the records management practices of mountain barangay secretaries in the town of Buhi, Camarines Sur, with the aim of analyzing existing practices, identifying challenges, and proposing an extension program to enhance their capabilities. The study employed a survey to gather data from both SK Secretaries, focusing on four key aspects of records management: creation, maintenance, retrieval, and disposition. The findings reveal that while mountain barangay secretaries generally demonstrate positive practices, particularly in records maintenance, they face significant challenges stemming from limited resources, access to technology, and the lack of standardized systems. The study identifies a need for an extension program that addresses these challenges by providing record management training for newly elected barangay officials, and promoting basic parliamentary procedure workshops. The research underscores the importance of strengthening records management practices in mountain barangays to improve governance, transparency, and service delivery to residents. The study provides a valuable foundation for developing targeted interventions that can empower mountain barangay secretaries to effectively manage their records and contribute to the overall development of their communities. The research also highlights the specific challenges faced by mountain barangay secretaries in each stage of the records management process. The research concludes by emphasizing the need for a comprehensive approach to address the challenges facing mountain barangay secretaries in managing their records. This approach should include providing training, promoting workshops, and supporting community libraries to enhance their capabilities. By investing in these initiatives, the study argues that mountain barangays can improve governance, transparency, and service delivery to residents, ultimately contributing development of their communities.     </subfield>
  </datafield>
  <datafield tag="700" ind1="1" ind2=" ">
    <subfield code="a">Olleres, Kate Paula B., </subfield>
    <subfield code="e">author. </subfield>
  </datafield>
  <datafield tag="700" ind1="1" ind2=" ">
    <subfield code="a">Pancipane, Christene Y., </subfield>
    <subfield code="e">author. </subfield>
  </datafield>
  <datafield tag="700" ind1="1" ind2=" ">
    <subfield code="a">Pe&#xF1;ones, Maria Divine</subfield>
    <subfield code="e">author. </subfield>
  </datafield>
  <datafield tag="700" ind1="1" ind2=" ">
    <subfield code="a">Pentolo, Ma. Antonette</subfield>
    <subfield code="e">author. </subfield>
  </datafield>
  <datafield tag="720" ind1="1" ind2=" ">
    <subfield code="a">Sagala, Marimin N., </subfield>
    <subfield code="e">adviser. </subfield>
  </datafield>
  <datafield tag="720" ind1="1" ind2=" ">
    <subfield code="a">Villar, Mariber M., </subfield>
    <subfield code="e">panelist, chair.</subfield>
  </datafield>
  <datafield tag="720" ind1="1" ind2=" ">
    <subfield code="a">Infante, Leonisa O., </subfield>
    <subfield code="e">panelist.</subfield>
  </datafield>
  <datafield tag="720" ind1="1" ind2=" ">
    <subfield code="a">Oliveros, Josefin N., </subfield>
    <subfield code="e">panelist.</subfield>
  </datafield>
  <datafield tag="942" ind1=" " ind2=" ">
    <subfield code="2">ddc</subfield>
    <subfield code="n">0</subfield>
    <subfield code="c">UM</subfield>
    <subfield code="h">Ol41a </subfield>
    <subfield code="i">BSOA </subfield>
    <subfield code="k">UTH </subfield>
    <subfield code="m">2024</subfield>
  </datafield>
  <datafield tag="952" ind1=" " ind2=" ">
    <subfield code="0">0</subfield>
    <subfield code="1">0</subfield>
    <subfield code="2">ddc</subfield>
    <subfield code="4">0</subfield>
    <subfield code="7">0</subfield>
    <subfield code="a">BUHI</subfield>
    <subfield code="b">BUHI</subfield>
    <subfield code="c">UTH</subfield>
    <subfield code="d">2025-09-04</subfield>
    <subfield code="l">0</subfield>
    <subfield code="o">UTH BSOA Ol41a 2024</subfield>
    <subfield code="p">00247UM-BUH</subfield>
    <subfield code="r">2025-09-04 14:20:29</subfield>
    <subfield code="t">1-1</subfield>
    <subfield code="w">2025-09-04</subfield>
    <subfield code="y">UM</subfield>
  </datafield>
  <datafield tag="999" ind1=" " ind2=" ">
    <subfield code="c">30338</subfield>
    <subfield code="d">30338</subfield>
  </datafield>
</record>
